| 000 | 00650cam a22002413a 4500 | ||
|---|---|---|---|
| 001 | 6336 | ||
| 003 | PGUSA | ||
| 005 | 20140828083131.0 | ||
| 008 | 040801s2004||||xxu|||||s|||||000 | eng d | ||
| 040 |
_aPGUSA _beng |
||
| 042 | _adc | ||
| 050 | 4 | _aB | |
| 100 | 1 | _aStephen, Karin | |
| 245 | 1 | 4 |
_aThe Misuse of Mind _h[electronic resource] / _cKarin Stephen |
| 260 |
_bProject Gutenberg, _c2004 |
||
| 506 | _aPublic domain in the USA. | ||
| 516 | _aElectronic text | ||
| 653 | _aKnowledge, Theory of | ||
| 653 | _aBergson, Henri, 1859-1941 | ||
| 830 | 0 |
_aProject Gutenberg _v6336 |
|
| 856 | 4 | 0 | _uhttp://www.gutenberg.org/ebooks/6336 |
| 942 | _cEB | ||
| 999 |
_c235659 _d235659 |
||